LIBRARY & INFORMATION CENTRE, KCAET, TAVANUR

ONLINE PUBLIC ACCESS CATALOGUE (OPAC)

Khaduyam and anya kahaniyam / (Record no. 12272)

MARC details
000 -LEADER
fixed length control field 00388cam a2200157ua 4500
041 ## - LANGUAGE CODE
Language code of text/sound track or separate title hin
082 ## - DEWEY DECIMAL CLASSIFICATION NUMBER
Classification number 891.43
Item number ANJ/KH
100 ## - MAIN ENTRY--AUTHOR NAME
Personal name Anjay, .
245 ## - TITLE STATEMENT
Title Khaduyam and anya kahaniyam /
260 ## - PUBLICATION, DISTRIBUTION, ETC. (IMPRINT)
Place of publication New Delhi :
Name of publisher Saraswathi Press ,
Year of publication 1957.
300 ## - PHYSICAL DESCRIPTION
Number of Pages 174 ; .

No items available.

free website counter